Ideario de Manuel José Quintana / (Record no. 142410)

MARC details
000 -LEADER
campo de control de longitud fija 00858nam a2200241 i 4500
001 - NÚMERO DE CONTROL
campo de control 142410
003 - IDENTIFICADOR DE NÚMERO DE CONTROL
campo de control ES-MaACL
005 - FECHA Y HORA DE LA ÚLTIMA TRANSACCIÓN
campo de control 20231226211331.0
007 - CAMPO FIJO DE DESCRIPCIÓN FÍSICA--INFORMACIÓN GENERAL
campo de control de longitud fija t|
008 - DATOS DE LONGITUD FIJA--INFORMACIÓN GENERAL
campo de control de longitud fija 071005s1961 sp ||||1| spa d
080 ## - NÚMERO DE LA CLASIFICACIÓN DECIMAL UNIVERSAL
Número de la Clasificación Decimal Universal 929 Quintana, Manuel José
080 ## - NÚMERO DE LA CLASIFICACIÓN DECIMAL UNIVERSAL
Número de la Clasificación Decimal Universal 86(Quintana, Manuel José 1.06)
100 1# - ENTRADA PRINCIPAL--NOMBRE DE PERSONA
Nombre de persona Vila Selma, José.
9 (RLIN) 114738
245 10 - MENCIÓN DEL TÍTULO
Título Ideario de Manuel José Quintana /
Mención de responsabilidad, etc. José Vila Selma.
260 ## - PUBLICACIÓN, DISTRIBUCIÓN, ETC.
Lugar de publicación, distribución, etc. Madrid :
Nombre del editor, distribuidor, etc. Consejo Superior de Investigaciones Científicas,
Fecha de publicación, distribución, etc. 1961.
300 ## - DESCRIPCIÓN FÍSICA
Extensión XII, 192 p. ;
Dimensiones 21 cm.
500 ## - NOTA GENERAL
Nota general Precede al tít. : Instituto Miguel de Cervantes de Filología Hispánica.
500 ## - NOTA GENERAL
Nota general Anejos de "Revista de Literatura", vol. 18.
600 14 - PUNTO DE ACCESO ADICIONAL DE MATERIA--NOMBRE DE PERSONA
Nombre de persona Quintana, Manuel José,
Fechas asociadas al nombre 1772-1857
9 (RLIN) 94670
710 2# - ENTRADA AGREGADA--NOMBRE DE ENTIDAD CORPORATIVA
Nombre de entidad corporativa o nombre de jurisdicción como elemento de entrada Instituto "Miguel de Cervantes"
9 (RLIN) 5133
852 ## - LOCALIZACIÓN
Ubicación ES-MaACL
Número de control de estantería G-26
Sublocalización o colección R.49085
Holdings
Estatus retirado Estado de pérdida Estado de daño No para préstamo Biblioteca de origen Biblioteca actual Ubicación en estantería Fecha de adquisición Fuente de adquisición Total de préstamos Signatura topográfica completa Código de barras Visto por última vez Precio de reemplazo Tipo de ítem Koha
        Biblioteca del Ateneo de Madrid Biblioteca del Ateneo de Madrid Depósito 2 17/01/2008     G-26 1148177 23/02/2023 23/02/2023 Libro impreso